| 000 | 00627cam a2200193 4500 | ||
|---|---|---|---|
| 001 | E11751 | ||
| 008 | 000000n2003 000 0 eng u | ||
| 035 | _a(Sirsi) u129522 | ||
| 041 | _aENG | ||
| 050 |
_a692.8 _c18 |
||
| 110 |
_aJoint Contracts Tribunal _93664 |
||
| 245 | _aStandard form of building contract 1998 edition. Private with quantities. Incorporating Amendments 1:1999; 2:2000; 3:2001; 4:2002; 5:2003 | ||
| 260 |
_aLondon _bRIBA Publications _c2003 |
||
| 300 |
_a112p. _c30cm. |
||
| 350 | _a26.00 | ||
| 650 | _aJCT STANDARD FORM OF BUILDING CONTRACT (1998 EDITION) | ||
| 690 |
_aContracts _96232 |
||
| 942 | _n0 | ||
| 999 |
_c104221 _d104221 |
||